| 000 | 01123nam a22003017a 4500 | ||
|---|---|---|---|
| 001 | 7865 | ||
| 003 | FISKH | ||
| 005 | 20250812113430.0 | ||
| 008 | 250812b cb ||||| |||| 00| 0 eng d | ||
| 020 | _a043945588x | ||
| 040 |
_aFISKH _beng _cFISKH _dFISKH |
||
| 050 | _aPZ7.F88917 I | ||
| 082 | _a870 | ||
| 100 | _aFrench, Vivian | ||
| 245 |
_aIggy pig's big bad wolf trouble / _cVivian French ; Illustrated by David Melling |
||
| 250 | _aThis edition first published in 2003 | ||
| 260 |
_aLondon : _bScholastic, _c1998 |
||
| 300 |
_a42 pages : _billustrations ; _c20 cm |
||
| 505 | _aG | ||
| 520 | _aIggy Pig's Big Bad Wolf Trouble is about Iggy, a small pig who faces off against a big, scary wolf. Instead of being scared, Iggy uses his smarts to outwit the wolf and keep himself safe. It’s a fun and clever story about bravery and problem-solving, perfect for young readers. | ||
| 521 | 8 |
_a400
_bLexile |
|
| 521 | 8 |
_aG
_bRaz-Plus |
|
| 650 |
_2Writing workshop _aAnimal characters |
||
| 650 |
_2Pigs _aFairy tales |
||
| 700 |
_aMelling, David _dillustrator |
||
| 942 |
_2ddc _cBK _n0 |
||
| 999 |
_c7865 _d7865 |
||